Учиться меняться: сравнительный анализ систем высшего профессионального образования; Профессиональное образование в современном мире; № 4 (7)

Podrobná bibliografie
Parent link:Профессиональное образование в современном мире: научный журнал.— , 2011-
№ 4 (7).— 2012.— [С. 48-55]
Hlavní autor: Брылина И. В. Ирина Владимировна
Korporativní autor: Национальный исследовательский Томский политехнический университет (ТПУ) Институт социально-гуманитарных технологий (ИСГТ) Кафедра философии (ФИЛ)
Další autoři: Карпова А. Ю. Анна Юрьевна, Карпов Д. А.
Shrnutí:Заглавие с экрана
Исследованы проблемы университетской образовательной практики и репродуцирования процесса селекции элиты в современном университете на основе компаративистского анализа систем высшего профессионального образования на примере Технологического института г. Карлсруэ (Германия) и элитного технического образования в Национальном исследовательском Томском политехническом университете.
There are studied the problems of the university educational practiceand reproduction of the elite selection in modern university on the basis of comparative analysis of higher education systems using the example of the Karlsruhe Institute of Technology (KIT) and the elite technical education at the National Research Tomsk Polytechnic University (TPU).
Режим доступа: по договору с организацией-держателем ресурса
Jazyk:ruština
Vydáno: 2012
Témata:
On-line přístup:http://elibrary.ru/item.asp?id=18428095
Médium: MixedMaterials Elektronický zdroj Kapitola
KOHA link:https://koha.lib.tpu.ru/cgi-bin/koha/opac-detail.pl?biblionumber=638986

MARC

LEADER 00000naa0a2200000 4500
001 638986
005 20250211113636.0
035 |a (RuTPU)RU\TPU\network\3383 
090 |a 638986 
100 |a 20150218d2012 k||y0rusy50 ca 
101 0 |a rus 
102 |a RU 
135 |a drnn ---uucaa 
181 0 |a i  
182 0 |a b 
200 1 |a Учиться меняться: сравнительный анализ систем высшего профессионального образования  |d To learn to change: a comparative analysis of the systems of higher vocational education  |f И. В. Брылина, А. Ю. Карпова, Д. А. Карпов 
203 |a Текст  |c электронный 
300 |a Заглавие с экрана 
320 |a [Библиогр.: с. 55 (13 назв.)] 
330 |a Исследованы проблемы университетской образовательной практики и репродуцирования процесса селекции элиты в современном университете на основе компаративистского анализа систем высшего профессионального образования на примере Технологического института г. Карлсруэ (Германия) и элитного технического образования в Национальном исследовательском Томском политехническом университете. 
330 |a There are studied the problems of the university educational practiceand reproduction of the elite selection in modern university on the basis of comparative analysis of higher education systems using the example of the Karlsruhe Institute of Technology (KIT) and the elite technical education at the National Research Tomsk Polytechnic University (TPU). 
333 |a Режим доступа: по договору с организацией-держателем ресурса 
461 |t Профессиональное образование в современном мире  |o научный журнал  |d 2011- 
463 |t № 4 (7)  |v [С. 48-55]  |d 2012 
510 1 |a To learn to change: a comparative analysis of the systems of higher vocational education  |z eng 
610 1 |a труды учёных ТПУ 
610 1 |a электронный ресурс 
610 1 |a власть 
610 1 |a интеллектуалы 
610 1 |a технократия 
700 1 |a Брылина  |b И. В.  |c философ  |c доцент Томского политехнического университета, доктор философских наук  |f 1967-  |g Ирина Владимировна  |3 (RuTPU)RU\TPU\pers\24728  |9 10969 
701 1 |a Карпова  |b А. Ю.  |c философ  |c профессор Томского политехнического университета, доктор социологических наук  |f 1968-  |g Анна Юрьевна  |3 (RuTPU)RU\TPU\pers\30249  |9 14626 
701 1 |a Карпов  |b Д. А. 
712 0 2 |a Национальный исследовательский Томский политехнический университет (ТПУ)  |b Институт социально-гуманитарных технологий (ИСГТ)  |b Кафедра философии (ФИЛ)  |3 (RuTPU)RU\TPU\col\18928 
801 2 |a RU  |b 63413507  |c 20150218  |g RCR 
856 4 0 |u http://elibrary.ru/item.asp?id=18428095 
942 |c CF